[Event "Managua Bayardo Muniz Memorial 4th"]
[Site "Managua"]
[Date "2022.03.19"]
[Round "7"]
[White "Simplina, Amor"]
[Black "Granados Lopez, Fidel"]
[Result "1-0"]
[WhiteElo "2058"]
[BlackElo "1734"]
[PlyCount "135"]
[EventDate "2022.03.05"]
[EventType "tourn"]
[EventRounds "9"]
[EventCountry "NCA"]
[SourceTitle "EXT 2023"]
[Source "ChessBase"]
[SourceDate "2022.10.05"]
[SourceVersion "1"]
[SourceVersionDate "2022.10.05"]
[SourceQuality "1"]

1. d4 Nf6 2. Nf3 d5 3. e3 Bg4 4. h3 Bh5 5. c4 e6 6. Nc3 c6 7. g4 Bg6 8. Ne5 Bd6 9. Nxg6 fxg6 10. Qb3 Qc7 11. Bd2 0-0 12. Rc1 Qf7 13. Be2 e5 14. dxe5 Bxe5 15. cxd5 Bxc3 16. Bxc3 Nxd5 17. 0-0 Nxc3 18. Rxc3 Kh8 19. e4 Qc7 20. Rd1 Nd7 21. Kg2 Nf6 22. f3 Qf4 23. Qc2 Rad8 24. Rxd8 Rxd8 25. Rd3 Rxd3 26. Qxd3 h5 27. Qd4 Nd5 28. Bc4 h4 29. Kf2 Qh2+ 30. Ke1 Nf4 31. Qd8+ Kh7 32. Qg8+ Kh6 33. Qh8+ Kg5 34. Qd8+ Kh6 35. Qxh4+ Nh5 36. gxh5 gxh5 37. Bf7 g6 38. Qf6 Qg3+ 39. Ke2 Qg2+ 40. Ke3 Qg1+ 41. Kd3 Qb1+ 42. Kd2 Qg1 43. h4 Qf2+ 44. Kd3 Qf1+ 45. Kc3 Qc1+ 46. Kb3 Qe3+ 47. Qc3 Qb6+ 48. Kc2 Kh7 49. a3 Qf2+ 50. Kb1 Qxh4 51. Qd3 Qf6 52. Bb3 h4 53. Qd7+ Kh6 54. Qg4 b5 55. f4 c5 56. Bc2 g5 57. e5 Qxf4 58. Qe6+ Kg7 59. Qe7+ Kg8 60. Bh7+ Kh8 61. Bg6 Qf1+ 62. Ka2 Qc4+ 63. Ka1 Qc1+ 64. Bb1 Kg8 65. e6 Qf4 66. Qe8+ Kg7 67. e7 Qf7 68. Qd8 1-0

[Event "Managua Hurtado Memorial"]
[Site "Managua"]
[Date "2021.12.30"]
[Round "8"]
[White "Simplina, Amor"]
[Black "Pilarte, Rene"]
[Result "1/2-1/2"]
[WhiteElo "2040"]
[BlackElo "2096"]
[PlyCount "136"]
[EventDate "2021.12.26"]
[EventType "tourn"]
[EventRounds "9"]
[EventCountry "NCA"]
[SourceTitle "CBM 206 Extra"]
[Source "ChessBase"]
[SourceDate "2022.03.31"]
[SourceVersion "1"]
[SourceVersionDate "2022.03.31"]
[SourceQuality "1"]

1. e4 e5 2. Nf3 Nc6 3. Bb5 a6 4. Ba4 Nf6 5. 0-0 b5 6. Bb3 Bc5 7. c3 d6 8. d4 Bb6 9. h3 h6 10. a4 Bd7 11. Re1 0-0 12. d5 Ne7 13. c4 bxc4 14. Bxc4 c6 15. dxc6 Bxc6 16. Nc3 Ba5 17. Bd3 Bb7 18. Bd2 Nc6 19. Ne2 Nb4 20. Ng3 Qd7 21. Bb1 Rfe8 22. Bc3 Nc6 23. Ra3 Bb4 24. Bxb4 Nxb4 25. Qd2 a5 26. Nf5 Re6 27. N3h4 Nh5 28. g3 Rae8 29. Qe2 Nf6 30. Qe3 Nh7 31. Qb6 Ng5 32. Kh2 Nc6 33. Ba2 Rf6 34. Bd5 Ne6 35. Kg2 Nc5 36. Qb5 Qc7 37. Qe2 Nd4 38. Qg4 Nxf5 39. Nxf5 Ne6 40. Rc3 Qd7 41. Bxb7 Qxb7 42. Nxd6 Nf4+ 43. Qxf4 Rxd6 44. Qc1 Rd4 45. Qc2 Red8 46. Re2 Qd7 47. b3 Qb7 48. Rc7 Qb4 49. Qc5 Qxb3 50. Qxa5 Qxa4 51. Qxe5 Qb3 52. Re3 Rd3 53. Rxd3 Qxd3 54. Qf5 Qb3 55. h4 Re8 56. g4 Qe6 57. Qxe6 Rxe6 58. Kf3 g5 59. hxg5 hxg5 60. Rc5 Rg6 61. e5 Ra6 62. Ke4 Ra4+ 63. Kf5 Rf4+ 64. Kxg5 Rxf2 65. Rc4 Kg7 66. Rf4 Re2 67. Kf5 Ra2 68. g5 Ra1 1/2-1/2

[Event "NCA-chT final"]
[Site "Managua"]
[Date "2021.10.16"]
[Round "1.2"]
[White "Briceno Sandino, Bryan Andres"]
[Black "Simplina, Amor"]
[Result "1/2-1/2"]
[WhiteElo "1555"]
[BlackElo "2063"]
[PlyCount "35"]
[EventDate "2021.10.16"]
[EventType "team-tourn"]
[EventRounds "11"]
[EventCountry "NCA"]
[SourceTitle "EXT 2023"]
[Source "ChessBase"]
[SourceDate "2022.10.05"]
[SourceVersion "1"]
[SourceVersionDate "2022.10.05"]
[SourceQuality "1"]
[WhiteTeam "Universidad de Ingenieria"]
[BlackTeam "Clemente Guido"]
[WhiteTeamCountry "NCA"]
[BlackTeamCountry "NCA"]

1. e4 c5 2. Nf3 d6 3. d4 cxd4 4. Nxd4 Nf6 5. Nc3 a6 6. Bc4 e6 7. Be3 Qc7 8. Bb3 Nc6 9. 0-0 Be7 10. f4 Na5 11. Qf3 0-0 12. f5 Nc4 13. Bxc4 Qxc4 14. Rad1 Bd7 15. Nb3 b5 16. Rd2 a5 17. Rfd1 b4 18. Ne2 1/2-1/2

[Event "NCA-ch final"]
[Site "Managua"]
[Date "2021.03.21"]
[Round "8"]
[White "Pilarte, Rene"]
[Black "Simplina, Amor"]
[Result "1-0"]
[WhiteElo "2069"]
[BlackElo "2151"]
[PlyCount "57"]
[EventDate "2021.03.06"]
[EventType "tourn"]
[EventRounds "11"]
[EventCountry "NCA"]
[SourceTitle "EXT 2022"]
[Source "ChessBase"]
[SourceDate "2021.10.06"]
[SourceVersion "1"]
[SourceVersionDate "2021.10.06"]
[SourceQuality "1"]

1. d4 Nf6 2. c4 g6 3. Nc3 Bg7 4. e4 0-0 5. Nf3 d6 6. Be2 c6 7. 0-0 Qc7 8. b3 Bg4 9. h3 Bxf3 10. Bxf3 Nbd7 11. Bb2 e5 12. dxe5 dxe5 13. Ba3 Rfe8 14. Bd6 Qa5 15. b4 Qa3 16. Qb3 Qxb3 17. axb3 Bf8 18. Rfd1 Kg7 19. b5 Nc5 20. bxc6 bxc6 21. b4 Nb3 22. Bxf8+ Rxf8 23. Ra6 Rab8 24. Rxc6 Nd4 25. Ra6 Rxb4 26. Rxa7 Rxc4 27. Nd5 Ne6 28. Bg4 Nf4 29. Ra6 1-0

[Event "NCA-chT final"]
[Site "Managua"]
[Date "2019.11.03"]
[Round "5.4"]
[White "Simplina, Amor"]
[Black "Granados Ortiz, Maria Jose"]
[Result "1-0"]
[WhiteElo "2141"]
[BlackElo "1658"]
[PlyCount "55"]
[EventDate "2019.10.26"]
[EventType "team-tourn"]
[EventRounds "11"]
[EventCountry "NCA"]
[SourceTitle "EXT 2021"]
[Source "ChessBase"]
[SourceDate "2020.10.23"]
[SourceVersion "1"]
[SourceVersionDate "2020.10.23"]
[SourceQuality "1"]
[WhiteTeam "Olimpus Team"]
[BlackTeam "Dominican Power"]
[WhiteTeamCountry "NCA"]
[BlackTeamCountry "NCA"]

1. d4 d5 2. c4 e6 3. Nc3 Nf6 4. Nf3 Be7 5. Bf4 0-0 6. e3 c6 7. Qc2 Bd6 8. Bxd6 Qxd6 9. Bd3 Nbd7 10. 0-0 dxc4 11. Bxc4 e5 12. Rfd1 exd4 13. Rxd4 Qc7 14. Rad1 Nb6 15. Be2 h6 16. h3 Be6 17. a4 Nbd5 18. Nxd5 Nxd5 19. Rxd5 Bxd5 20. Rxd5 Qe7 21. Rd4 Rad8 22. Bc4 Rxd4 23. Nxd4 Qb4 24. Nf3 Rd8 25. Ne5 Qe1+ 26. Kh2 Rf8 27. Qf5 Qb4 28. Bxf7+ 1-0